000 00834nam a2200265 i 4500
001 bg
003 BPK
005 20220915080149.0
008 980702s1996 pl a f f |000 0 pol
015 _aPB 1996/3816
020 _a8385530606
040 _aWA N
_cBPK
080 _a339.138
080 _a(075.8)
245 0 0 _aPodstawy marketingu /
_cHenryk Mruk [et al.] ; red. nauk. H. Mruk.
260 _aPoznań :
_bWydaw. Akademii Ekonomicznej,
_c1996.
300 _a330, [1] s. :
_bwykr. ;
_c24 cm.
500 _aNa s. red. błędny ISBN.
504 _aBibliogr. s. [331].
655 4 _aPodręczniki akademickie
650 4 _aMarketing
700 1 _aMruk, Henryk
_d(1948- )
_eRedakcja
942 _2UKD
_cKS
856 _uhttp://koha.tu.koszalin.pl/cgi-bin/koha/opac-detail.pl?biblionumber=31626
_yKatalog online BPK
999 _c31626
_d31626